000 02024cam a22003495i 4500
999 _c28072
_d28043
001 016191335
003 EG-ScBUE
005 20200212151404.0
008 130322s2013 enka f b 001 0 eng d
020 _a9781405183918 (pbk.)
035 _a(StEdNL)4921765
040 _aStDuBDS
_beng
_erda
_cStDuBDS
_dUk
_dStEdNL
_dEG-ScBUE
082 0 4 _a174.930223
_bGLO
_222
245 0 0 _aGlobal media ethics :
_bproblems and perspectives /
_cedited by Stephen J. A. Ward.
264 1 _aChichester, West Sussex, UK :
_bWiley-Blackwell / ِJohn Wiley & Sons, Ltd.,
_c2013.
300 _axiii, 326 pages :
_billustrations ;
_c26 cm
336 _atext
_btxt
_2rdacontent
337 _aunmediated
_bn
_2rdamedia
338 _avolume
_bnc
_2rdacarrier
504 _aIncludes bibliographical references and index.
520 _a"Global Media Ethics is the first comprehensive cross-cultural exploration of the conceptual and practical issues facing media ethics in a global world. A team of leading journalism experts investigates the impact of major global trends on responsible journalism. The first full-length, truly global textbook on media ethics; Explores how current global changes in media promote and inhibit responsible journalism; Includes relevant and timely ethical discussions based on major trends in journalism and global media; Questions existing frameworks in media ethics in light of the impact of global media; Contributors are leading experts in global journalism and communication."
650 7 _aJournalistic ethics.
_2BUEsh
_937793
650 7 _aMass media
_xMoral and ethical aspects.
_2BUEsh
650 7 _aMass media and globalization.
_2BUEsh
650 7 _aJournalistic ethics
_vCase studies.
_2BUEsh
_937793
650 7 _aMass media
_xMoral and ethical aspects
_vCase studies.
_2BUEsh
650 7 _aMass media and globalization
_vCase studies.
_2BUEsh
653 _bCOMAME
_cFebruary2020
700 1 _aWard, Stephen J. A.
_q(Stephen John Anthony),
_d1951-
_eeditor.
942 _2ddc
_cBB